[Event "CZE-chT1W 2324"]
[Site "Czech Republic"]
[Date "2024.02.04"]
[Round "7.8"]
[White "Pychova, Nela"]
[Black "Mach, Ondrej"]
[Result "1-0"]
[WhiteElo "2097"]
[BlackElo "1912"]
[PlyCount "135"]
[EventDate "2023.10.29"]
[EventType "team-tourn"]
[EventRounds "11"]
[EventCountry "CZE"]
[SourceTitle "EXT 2025"]
[Source "ChessBase"]
[SourceDate "2024.10.14"]
[SourceVersion "1"]
[SourceVersionDate "2024.10.14"]
[SourceQuality "1"]
[WhiteTeam "Vlasim Spartak"]
[BlackTeam "Praha Oaza"]
[WhiteTeamCountry "CZE"]
[BlackTeamCountry "CZE"]

1. c4 e6 2. Nf3 d5 3. b3 d4 4. Bb2 Nc6 5. d3 Nf6 6. g3 e5 7. Bg2 Bb4+ 8. Nfd2 a5 9. 0-0 Bf5 10. a3 Bc5 11. Nf3 h6 12. Nbd2 0-0 13. Ne1 Qd7 14. Ne4 Nxe4 15. dxe4 Bh7 16. Nd3 b6 17. Qd2 Rfe8 18. b4 axb4 19. axb4 Bf8 20. Rxa8 Rxa8 21. b5 Na5 22. Nxe5 Qe6 23. Qxd4 f6 24. Nd3 Qxc4 25. Qd7 Qf7 26. Qxf7+ Kxf7 27. e5 Rd8 28. Rc1 Bxd3 29. Rxc7+ Ke6 30. exd3 fxe5 31. Be4 Kd6 32. Rf7 Ke6 33. Rc7 Kd6 34. Rc3 Ke6 35. Kg2 Bc5 36. Bc1 Rf8 37. Be3 Bd4 38. Bxd4 exd4 39. Rc7 g5 40. Rh7 Rf6 41. Rh8 Nb3 42. Rb8 Ke5 43. Rd8 Rd6 44. f4+ gxf4 45. gxf4+ Ke6 46. Rh8 Kf7 47. Rh7+ Kg8 48. Rc7 Kf8 49. Rc2 Nc5 50. Kf3 Kf7 51. f5 Rd8 52. Kf4 Kf6 53. Rg2 Ke7 54. Rg7+ Kf8 55. Rg6 Nd7 56. Rxh6 Ke7 57. Re6+ Kf7 58. h4 Rh8 59. Kg5 Rg8+ 60. Rg6 Rh8 61. Bd5+ Ke7 62. Re6+ Kd8 63. f6 Kc7 64. f7 Nf8 65. Re8 Kd6 66. Be4 Kd7 67. Bf5+ Kd6 68. Kf6 1-0

[Event "CZE-chT2A 2122"]
[Site "Czech Republic"]
[Date "2022.01.16"]
[Round "6.8"]
[White "Mindl, Josef"]
[Black "Mach, Ondrej"]
[Result "0-1"]
[WhiteElo "1910"]
[BlackElo "1893"]
[PlyCount "102"]
[EventDate "2021.10.17"]
[EventType "team-tourn"]
[EventRounds "11"]
[EventCountry "CZE"]
[SourceTitle "EXT 2025"]
[Source "ChessBase"]
[SourceDate "2024.10.14"]
[SourceVersion "1"]
[SourceVersionDate "2024.10.14"]
[SourceQuality "1"]
[WhiteTeam "Tabor"]
[BlackTeam "Praha Oaza II"]
[WhiteTeamCountry "CZE"]
[BlackTeamCountry "CZE"]

1. e4 c6 2. d4 d5 3. exd5 cxd5 4. c4 Nf6 5. Nc3 g6 6. Qb3 Bg7 7. cxd5 0-0 8. Be2 Nbd7 9. Bf3 Nb6 10. Nge2 Bf5 11. 0-0 Bd3 12. d6 Qxd6 13. Bf4 Qd7 14. Rfd1 Bc4 15. Qa3 Be6 16. Rac1 Bg4 17. Bxg4 Qxg4 18. h3 Qd7 19. Qa5 Nbd5 20. Nxd5 Nxd5 21. Be5 b6 22. Qd2 Rac8 23. Bxg7 Kxg7 24. Rxc8 Rxc8 25. Rc1 Rxc1+ 26. Qxc1 Qc7 27. Qxc7 Nxc7 28. Kf1 Kf6 29. Ke1 Kf5 30. f3 Nd5 31. Kd2 h5 32. g3 h4 33. gxh4 Nf4 34. Ng3+ Ke6 35. h5 gxh5 36. h4 Kd5 37. Nf5 e6 38. Ne7+ Kxd4 39. Nc6+ Kc5 40. Ne5 f5 41. Nd7+ Kd6 42. Nf6 Ke7 43. Nh7 Ng6 44. Ke3 e5 45. Ng5 Nxh4 46. Nh3 Kf6 47. Kf2 f4 48. Ke2 Kf5 49. Kf2 e4 50. fxe4+ Kxe4 51. Ng5+ Kd3 0-1

[Event "Prague op-A 20th"]
[Site "Prague"]
[Date "2022.01.13"]
[Round "8"]
[White "Michalczak, Thomas"]
[Black "Mach, Ondrej"]
[Result "1-0"]
[WhiteElo "2218"]
[BlackElo "1886"]
[PlyCount "81"]
[EventDate "2022.01.07"]
[EventType "swiss"]
[EventRounds "9"]
[EventCountry "CZE"]
[SourceTitle "CBM 206 Extra"]
[Source "ChessBase"]
[SourceDate "2022.03.31"]
[SourceVersion "1"]
[SourceVersionDate "2022.03.31"]
[SourceQuality "1"]

1. d4 Nf6 2. Nf3 b6 3. Bg5 Ne4 4. Bh4 Bb7 5. Nbd2 d5 6. e3 Nxd2 7. Qxd2 c5 8. dxc5 bxc5 9. Bb5+ Bc6 10. Bxc6+ Nxc6 11. Rd1 Qb6 12. Qxd5 Rd8 13. Qb3 Rxd1+ 14. Kxd1 e6 15. Nd2 Qa6 16. Qc4 Qb7 17. Kc1 Bd6 18. Ne4 Be5 19. c3 0-0 20. Nxc5 Qc7 21. Bg3 Rd8 22. Rd1 Rxd1+ 23. Kxd1 Qd6+ 24. Ke2 Bxg3 25. hxg3 h6 26. b4 Qe5 27. Nd3 Qd6 28. Qc5 Qd7 29. a4 Ne7 30. b5 Nd5 31. Ne5 Qd8 32. e4 Nb6 33. a5 Na4 34. Qb4 Qg5 35. Qxa4 Qxe5 36. Qb4 Qg5 37. b6 Qc1 38. Qb3 axb6 39. axb6 Qa1 40. b7 Qa6+ 41. c4 1-0

[Event "CZE-chT2A 2122"]
[Site "Czech Republic"]
[Date "2021.11.07"]
[Round "2.8"]
[White "Ptak, Pavel"]
[Black "Mach, Ondrej"]
[Result "1-0"]
[WhiteElo "2012"]
[BlackElo "1893"]
[PlyCount "97"]
[EventDate "2021.10.17"]
[EventType "team-tourn"]
[EventRounds "11"]
[EventCountry "CZE"]
[SourceTitle "EXT 2025"]
[Source "ChessBase"]
[SourceDate "2024.10.14"]
[SourceVersion "1"]
[SourceVersionDate "2024.10.14"]
[SourceQuality "1"]
[WhiteTeam "Pisek"]
[BlackTeam "Praha Oaza II"]
[WhiteTeamCountry "CZE"]
[BlackTeamCountry "CZE"]

1. g3 g6 2. Bg2 Bg7 3. d4 d5 4. c4 dxc4 5. Nf3 c6 6. 0-0 Nf6 7. a4 a5 8. Na3 0-0 9. Nxc4 Be6 10. b3 Bd5 11. Ba3 Ne4 12. Qc2 Re8 13. Rad1 Nd6 14. Ncd2 f5 15. Ne5 Bxg2 16. Kxg2 Nf7 17. Nxf7 Kxf7 18. Nf3 Kg8 19. Rfe1 Nd7 20. d5 Qc8 21. dxc6 bxc6 22. Bb2 Nf6 23. Qc4+ Kh8 24. Rd3 Qa6 25. Rc1 Qxc4 26. Rxc4 Nd5 27. Bxg7+ Kxg7 28. Nd4 Nb4 29. Rdc3 Rec8 30. Nxc6 Nxc6 31. Rxc6 Rxc6 32. Rxc6 Rb8 33. Rc5 Ra8 34. Rc6 h5 35. Rb6 Kf7 36. Kf3 e6 37. h4 Kf6 38. Rb5 g5 39. hxg5+ Kxg5 40. e3 Kf6 41. Kf4 Kg6 42. e4 Rf8 43. Rb6 fxe4+ 44. Kxe4 Rxf2 45. Rxe6+ Kg5 46. Re5+ Kg4 47. Rxa5 Kxg3 48. Rxh5 Rf4+ 49. Kd3 1-0